00697 2200253 4500001002100000005001700021008004100038035002400079082001200103090001900115100001800134245008800152250001100240260003100251300002500282650004400307850001500351980001100366985000600377999001500383999001500398999001500413999001500428YOGYA-0209000001122920090227022117.0 ind  0010-020900000011229 a344.063 a344.063bErw H aERWIN, Rudy T aHimpunan peraturan-peraturan perumahan dan sewa menyewacdisusun oleh Rudy T. Erwin aCet. 3 aJakartabAksara Baruc1984 axiii, 168 hlmc21 cm aPerumahan - Undang-undang dan peraturan aYOPDYOG(B) a5-9-05 a4 a99B0030961 a99B0030962 a97P0093637 a97P0093638